000 00771nam a2200193 i 4500
001 126762
003 ES-MaACL
005 20250819165353.0
007 t|
008 070214s1939 sp r ||||1| spa d
245 0 3 _aLa revolución nacional desde la universidad
_b: cursillo de orientación nacional sindicalista : Radio Nacional de España en Madrid.
260 _aMadrid :
_bJefatura Provincial de F.E.T. y de las JONS de Madrid,
_c1939.
300 _a112 p. ;
_c19 cm.
500 _aEn p.12, mención del Ateneo como sede del S.E.P. : Servicio Español del Profesorado.
650 7 _aNacionalsindicalismo
_2embne
_9158045
710 0 0 _aFalange Española Tradicionalista y de las J.O.N.S.
_94086
852 _aES-MaACL
_jA-5245
_bR.18211
999 _c126762
_d126762